| 000 | 01311 a2200253 4500 | ||
|---|---|---|---|
| 001 | 27416 | ||
| 005 | 20260407155549.0 | ||
| 008 | 260407a2013 arg spa d | ||
| 003 | AR-UNSa-BCEJYS | ||
| 040 |
_aAR-UNSa-BCEJYS _bspa _cAR-UNSa-BCEJYS |
||
| 080 |
_a338.124 _xRetroceso de la actividad económica. Contracción económica (Pobreza...) |
||
| 245 | 1 | 0 |
_aPobreza y desigualdad en América Latina _pconceptos, herramientas y aplicaciones |
| 020 | _a978-987-1826-45-2 | ||
| 264 | 1 |
_aBuenos Aires : _bTemas Grupo Editorial _c2013 |
|
| 300 |
_a819 p. _c23 cm. |
||
| 505 | _a1. Introducción - 2. Herramientas para el análisis distributivo - 3. Variables y fuentes de información - 4. Pobreza monetaria - 5. Pobreza: extensiones - 6. Desigualdad monetaria - 7. Desigualdad: extensiones - 8. Pobreza, desigualdad y crecimiento - 9. Incidencia distributiva de las políticas públicas | ||
| 942 | _cBK | ||
| 590 | _aniveau_biblio:m niveau_hierar:0 | ||
| 100 | 1 | _aGasparini, Leonardo C. | |
| 700 | 1 | _aCicowiez, Martín | |
| 700 | 1 | _aSosa Escudero, Walter | |
| 700 | 1 | _aUniversidad Nacional de La Plata. Centro de Estudios Distributivos, Laborales y Sociales (CEDLAS) | |
| 856 | 4 | 1 |
_uhttps://biblioeco.unsa.edu.ar/pmb/images/libros/Pobreza y Desigualdad en America Latina.jpg _yImagen de portada _qimage/jpeg |
| 999 |
_c1586 _d1586 |
||